000 03491nam0a2200409 4500
001 RU\NLR\bibl\1114921
005 20260405134507.0
010 _a5-7883-0443-1
_950
021 _aRU
_b2007-43476
_92324
035 _a(NLR Aleph) 001101930
090 _a1183753
_c1183753
100 _a20070803d2006 |||y0rusy50 ca
101 0 _arus
102 _aRU
105 _aa |||||||||
200 1 _aМоделирование конструкций ракетно-космической техники методом конечных элементов в среде MSC.NASTRAN с использованием системы твердотельного моделирования SolidWorkc
_eучебное пособие
_e[для студентов специальности 230301 "Моделирование и исследование операций в организационно-технических системах", 150301 "Динамика прочность машин", 160802 "Космические аппараты и разгонные блоки" и специальности 160801 "Ракетостроение"]
_fК.В. Пересыпкин, В.П. Пересыпкин, Е.А. Иванова
_gФедер. агентство по образованию, Гос. образоват. учреждение высш. проф. образования "Сам. гос. аэрокосм. ун-т им. акад. С.П. Королева"
210 _aСамара
_cИзд-во СГАУ
_d2006
215 _a213 с.
_cил.
_d21
225 1 _aПриоритетные национальные проекты
_iОбразование
225 1 _aИнновационная образовательная программа "Развитие центра компетенции и подготовка специалистов мирового уровня в области аэрокосмических и геоинформационных технологий"
320 _aБиблиогр.: с. 213 (10 назв.)
606 1 _aMSC/NASTRAN, пакет прикладных программ
_jУчебные издания для высших учебных заведений
_92295635
_3RU\NLR\auth\661374623
606 1 _aSolidWorks, система автоматизированного проектирования
_jУчебные издания для высших учебных заведений
_92234197
_3RU\NLR\auth\661340897
606 1 _aРакетная техника
_jУчебные издания для высших учебных заведений
_xКомпьютерное моделирование
_92483019
_3RU\NLR\auth\661473839
606 1 _aКосмическая техника
_jУчебные издания для высших учебных заведений
_xКомпьютерное моделирование
_92483016
_3RU\NLR\auth\661473838
686 _aО63-02-5-05я73-1
686 _aО62-02-5-05я73-1
700 1 _aПересыпкин
_bК. В.
_gКонстантин Владимирович
_4070
701 1 _aПересыпкин
_bВ. П.
_gВладимир Павлович
_4070
701 1 _4070
_8rus
_7ca
_aИванова
_bЕ. А.
_cканд. техн. наук
_gЕкатерина Алексеевна
_3RU\NLR\AUTH\7754986
_937918
801 0 _aRU
_bNLR
_c20070803
_gRCR
801 1 _aRU
_bNLR
_c20070803
830 _aАвт. по кн.
942 _cBOOK
980 _aNB